000 00977nam a2200241 a 4500
001 000038683
005 20241015140953.0
008 130417s1989 dr 000 0 spa d
040 _aDO-SdBNP
_bspa
_cBNPHU
082 _axxxxx
_bxxxxx
100 1 _aCordero Michel, Emilio,
_d1929-2018
_944029
245 1 3 _aLa revolución Haitiana y Santo Domingo /
_cEmilio Cordero Michel ; prólogo Hugo Tolentino Dipp.
250 _a3a ed.
260 _aSanto Domingo :
_bUniversitaria ,
_c1989.
300 _a116 p. : ;
_c20 cm.
490 1 _aPublicaciones de la Universidad Autónoma de Santo Domingo
_v628
490 1 _aColección historia y sociedad
_v85
500 _aIncluye notas y referencias bibliográficas al pie de las páginas
504 _aBibliografías : p. 113-116
700 1 _aTolentino Dipp, Hugo,
_d1930-2019
_epról.
_912717
830 0 _aPublicaciones de la Universidad Autónoma de Santo Domingo
_n628
_964998
830 0 _aColección historia y sociedad
_n85
_964999
999 _c38173
_d38173